000 00661nam a22002177a 4500
003 KOHA_MİRAKIL
005 20260416093155.0
008 260416b tu ||||| |||| 00| 0 tur d
020 _a9789755339528
040 _aTR-AnABB
_btur
_cTR-AnABB
041 _atur
082 _a796.334092
_bCON 2021
100 1 _aÇongur, Elif
245 1 0 _aYine bir duran top organisazyonu /
_cElif Çongur
260 _aAnkara :
_bİmge Kitapevi,
_c2021
300 _a265 sayfa ;
_c20 cm
500 _aYazar tarafından Prof. Dr. Ruşen Keleş için imzalanmıştır.
650 0 4 _aFutbol, denemeler
900 _bCan ÇELIK
942 _2ddc
_cBK
999 _c10297
_d10297